000 00674nam a2200265Ia 4500
005 20260306164259.0
008 008 260114s9999 xx 000 0 eng d
020 _a9781529206081
037 _aEBOOK
040 _aCRL
040 _beng
040 _cCRL
041 _2eng
041 _aeng
084 _qCRL
100 _aAlvehus, Johan
_91130341
245 4 _aThe Logic Of Professionalism: Work And Management In Professional Service Organizations
260 _bThe Policy Press
260 _c2022
650 _aEconomics & Finance
856 _uhttps://academic.oup.com/book/44192
942 _cEBOOK
999 _c1713490
_d1713490